000
00317nam a2200133Ia 4500
005
20251222155045.0
008
251222s9999||||xx |||||||||||||| ||spa||
082
_a
MEQ.284
100
_a
Dr.GERARDO HERNÁNDEZ M.
245
0
_a
Cáncer de mama
250
_a
2da. ed.
264
_b
Mc Graw Hill-Interam.
942
_c
LIB
999
_c
37069
_d
37069